Central Library OPAC University of Rajshahi

Islam and social order in Mauritania : (Record no. 32375)

MARC details
000 -LEADER
fixed length control field 01058nam a2200313 a 4500
001 - CONTROL NUMBER
control field 32375
003 - CONTROL NUMBER IDENTIFIER
rucl marc code Bd-RjUL
005 - DATE AND TIME OF LATEST TRANSACTION
control field 20211209051827.0
008 - FIXED-LENGTH DATA ELEMENTS--GENERAL INFORMATION
fixed length control field 140426s1973 enka 001 0beng d
020 ## - INTERNATIONAL STANDARD BOOK NUMBER
International Standard Book Number 0198216882
035 ## - SYSTEM CONTROL NUMBER
System control number (BD-RjUL)32464
040 ## - CATALOGING SOURCE
Original cataloging agency (BD-RjUL)
Language of cataloging eng
Transcribing agency BD-RjUL
Modifying agency BD-RjUL
041 ## - LANGUAGE CODE
Language code of text/sound track or separate title eng
082 00 - DEWEY DECIMAL CLASSIFICATION NUMBER
Author mark and year STI 1973
Classification number 297.61
100 1# - MAIN ENTRY--PERSONAL NAME
Personal name Stewart, C. C.
Fuller form of name (Charles Cameron)
9 (RLIN) 98500
245 10 - TITLE STATEMENT
Title Islam and social order in Mauritania :
Remainder of title a case study from the nineteenth century /
Statement of responsibility, etc. by C. C. Stewart with E. K. Stewart
260 ## - PUBLICATION, DISTRIBUTION, ETC. (IMPRINT)
Place of publication, distribution, etc. Oxford :
Name of publisher, distributor, etc. Clarendon Press,
Date of publication, distribution, etc. 1973
300 ## - PHYSICAL DESCRIPTION
Pagination xviii, 204 p. :
Illustrations ill. ;
Size 23 cm
490 1# - SERIES STATEMENT
Series statement Oxford studies in African affairs
500 ## - GENERAL NOTE
General note Revision of author's thesis, Oxford
504 ## - BIBLIOGRAPHY, ETC. NOTE
Bibliography, etc Inclues bibliography and index
600 10 - SUBJECT ADDED ENTRY--PERSONAL NAME
Personal name Sidiyya al-Kabir,
Titles and other words associated with a name Shaikh,
Dates associated with a name 1775-1868
650 #0 - SUBJECT ADDED ENTRY--TOPICAL TERM
Topical term or geographic name as entry element Islam
Geographic subdivision Mauritania
9 (RLIN) 98502
700 1# - ADDED ENTRY--PERSONAL NAME
Personal name Stewart, E. K.
830 #0 - SERIES ADDED ENTRY--UNIFORM TITLE
Uniform title Oxford studies in African affairs
942 ## - ADDED ENTRY ELEMENTS (KOHA)
Source of classification or shelving scheme Dewey Decimal Classification
Koha item type Books
Holdings
Lost status Source of classification or shelving scheme Damaged status Not for loan Collection code Permanent Location Current Location Shelving location Date acquired Source of acquisition Cost, normal purchase price Total Checkouts Full call number Date last seen Copy number Koha item type
  Dewey Decimal Classification   Not For Loan Non-fiction Central Library, University of Rajshahi Central Library, University of Rajshahi Reading Room 15/11/1980 Heffers 4.50   297.61 STI 1973 26/04/2014 C-1 Books